000 01195cam a22003254a 4500
001 14184916
003 OSt
005 20160603142338.0
008 051130s2006 vaua b 001 0 eng
010 _a 2005034560
020 _a9781416603320 (alk. paper)
020 _a1416603328 (alk. paper)
040 _aDLC
_cDLC
_dDLC
042 _apcc
043 _an-us---
050 0 0 _aLB 2805
_b.R42 2006
082 0 0 _aGLT 371.20
_bR25 2006
100 1 _aReeves, Douglas B.,
_d1953-
_922501
245 1 4 _aThe learning leader :
_cDouglas B. Reeves.
_bhow to focus school improvement for better results /
260 _aAlexandria, Va. :
_bAssociation for Supervision and Curriculum Development,
_c2006.
300 _a221 p. :
_bill. ;
_c24 cm.
650 0 _aEducational leadership
_zUnited States.
_922502
650 0 _aEducational accountability
_zUnited States.
_922503
650 0 _aSchool improvement programs
_zUnited States.
_922504
906 _a7
_bcbc
_corignew
_d1
_eecip
_f20
_gy-gencatlg
942 _2lcc
_cBK
999 _c12543
_d12543